Plan de gestión ambiental para el manejo de desechos sólidos ordinarios y específicos en el Hospital de los Chiles (Alajuela)

Sábháilte in:
Sonraí bibleagrafaíochta
Príomhchruthaitheoir: Parini Corella, Paolo
Formáid: LEABHAR
Foilsithe / Cruthaithe: San José, C.R. 1999
Ábhair:
Clibeanna: Cuir clib leis
Níl clibeanna ann, Bí ar an gcéad duine le clib a chur leis an taifead seo!

MARC

LEADER 00000nam a2200000Ia 4500
003 008775
005 20221231144213.0
008 140114s1999 cr a m 000 ||s d
040 |c cru CEDI 
090 |a TFG 4058 
100 |a Parini Corella, Paolo  |9 8473 
245 |a Plan de gestión ambiental para el manejo de desechos sólidos ordinarios y específicos en el Hospital de los Chiles (Alajuela) 
260 |c 1999  |a  San José, C.R. 
300 |a  xi, 247 hojas : ilustraciones a color  
500 |a  Tesis (licenciatura en ingeniería química)--Universidad de Costa Rica. Facultad de Ingeniería. Escuela de Ingeniería Química 
650 |x AUDITORIA AMBIENTAL   |x HOSPITALES   |x  ASPECTOS AMBIENTALES   |x RESIDUOS DE HOSPITALES   |x RESIDUOS SOLIDOS   |x RESIDUOS PELIGROSOS  |9 8474 
942 |c TFG 
999 |c 18407  |d 18407